00357nam a2200133 450000500170000010000110001724500530002826400370008130000180011833600220013633700240015833800240018299900170020620260530115306.01 aVarios10aSanitarios Letrinas y otros estudios sobre el WC 1bFernando Madrigal Guzmánc1995 a240 páginas atexto2rdacontent asin medio2rdamedia avolumen2rdacarrier c13120d13120